书目信息 |
| 题名: |
小学数学教学基本概念解读
|
|
| 作者: | 吴正宪 , 刘劲苓 , 刘克臣 主编 | |
| 分册: | ||
| 出版信息: | 北京 教育科学出版社 2014.09 |
|
| 页数: | 442页 | |
| 开本: | 25cm | |
| 丛书名: | ||
| 单 册: | ||
| 中图分类: | G623.502 | |
| 科图分类: | ||
| 主题词: | 小学数学课--教学研究 | |
| 电子资源: | ||
| ISBN: | 978-7-5041-7973-9 | |
| 000 | 01295nam0 2200277 450 | |
| 001 | 0108153904 | |
| 005 | 20210308154401.0 | |
| 010 | @a978-7-5041-7973-9@b精装@dCNY88.00 | |
| 100 | @a20141215e20202014em y0chiy50 ea | |
| 101 | 0 | @achi |
| 102 | @aCN@b110000 | |
| 105 | @aa z 001yy | |
| 106 | @ar | |
| 200 | 1 | @a小学数学教学基本概念解读@Axiao xue shu xue jiao xue ji ben gai nian jie du@dKey concepts in teaching primary mathematics@f吴正宪, 刘劲苓, 刘克臣主编@zeng |
| 210 | @a北京@c教育科学出版社@d2014.09@h2020.11 | |
| 215 | @a442页@c图@d25cm | |
| 300 | @ai教育111 | |
| 330 | @a本书梳理了小学数学中出现的几乎所有基本概念,对每一个概念首先按现代数学和小学数学两个层面做出界定;接着进行详尽的解读——阐释相关数学概念的内涵及数学实质,介绍其缘起背景、来龙去脉,展示其应用领域;最后落脚于小学数学教学的实处,对相关数学概念给出具体的教学建议,其中包括大量具有示范意义的教学实践案例。各篇末都有“推荐阅读”,为老师们提供了进一步深入和拓展的空间。 | |
| 510 | 1 | @aKey concepts in teaching primary mathematics@zeng |
| 606 | 0 | @a小学数学课@x教学研究 |
| 690 | @aG623.502@v5 | |
| 701 | 0 | @a吴正宪@Awu zheng xian@c(女,@f1954.8-)@4主编 |
| 701 | 0 | @a刘劲苓@Aliu jin ling@4主编 |
| 701 | 0 | @a刘克臣@Aliu ke chen@4主编 |
| 801 | 0 | @aCN@bBJSZM@c20210308 |
| 905 | @b1271521-5@dG623.502@e1315@f5 | |
| 小学数学教学基本概念解读=Key concepts in teaching primary mathematics/吴正宪, 刘劲苓, 刘克臣主编.-北京:教育科学出版社,2014.09(2020.11) |
| 442页:图;25cm |
| i教育111 |
| ISBN 978-7-5041-7973-9(精装):CNY88.00 |
| 本书梳理了小学数学中出现的几乎所有基本概念,对每一个概念首先按现代数学和小学数学两个层面做出界定;接着进行详尽的解读——阐释相关数学概念的内涵及数学实质,介绍其缘起背景、来龙去脉,展示其应用领域;最后落脚于小学数学教学的实处,对相关数学概念给出具体的教学建议,其中包括大量具有示范意义的教学实践案例。各篇末都有“推荐阅读”,为老师们提供了进一步深入和拓展的空间。 |
| ● |
| 相关链接 |
|
|
|
|
正题名:小学数学教学基本概念解读
索取号:G623.502/1315
 
预约/预借
| 序号 | 登录号 | 条形码 | 馆藏地/架位号 | 状态 | 备注 |
| 1 | 1271521 | 212715212 | 第一样本阅览室/ [索取号:G623.502/1315] | 在馆 | |
| 2 | 1271522 | 212715221 | 教育系资料室/ [索取号:G623.502/1315] | 在馆 | |
| 3 | 1271523 | 212715230 | 教育系资料室/ [索取号:G623.502/1315] | 在馆 | |
| 4 | 1271524 | 212715249 | 第四借阅区/ [索取号:G623.502/1315] | 在馆 | |
| 5 | 1271525 | 212715258 | 第四借阅区/ [索取号:G623.502/1315] | 在馆 |